| 000 | 01489nam a2200253 a 4500 | ||
|---|---|---|---|
| 001 | 4971098 | ||
| 003 | OSt | ||
| 005 | 20210308155405.0 | ||
| 008 | 970617s1996 ck a b 100 0 spa | ||
| 010 | _a 97162522 | ||
| 040 |
_aDLC _cCO-JMCR |
||
| 043 | _acl----- | ||
| 082 | 0 | 4 |
_a338.604 / _bF727p _223 |
| 111 | 2 |
_aForo Internacional Productividad, Competitividad e Internacionalización de la Economía (1995 : _cBogotá) _914577 |
|
| 245 | 0 | 0 |
_aProductividad, competitividad, e internacionalización de la economía : _bmemoria del Foro Internacional realizado por el Departamento Administrativo Nacional de Estadística y la Consejería Económica y de Competitividad de la Presidencia de la República ... Santafé de Bogotá, septiembre 6 y 7 de 1995. |
| 260 |
_aBogotá : _bCano Giraldo Editores, _c[1996]. |
||
| 300 |
_a582 páginas : _bilustraciones a blanco y negro ; _c23 cm. |
||
| 500 | _aNotas a pie de pagina. | ||
| 505 | 0 | _aProductividad y competitividad. La experiencia del sudeste asiático -- La competitividad: determinantes e indicadores -- Competitividad y transformación productiva -- La competitividad empresarial -- La competitividad en el sector industrial -- La competitividad en el sector agropecuario -- La competitividad en en sector servicios | |
| 650 | 1 | 4 |
_aProducción (teoría económica) _xcongresos _914578 |
| 650 | 2 | 4 |
_aCompetición, Internacional _xcongresos _914579 |
| 650 | 2 | 4 |
_aRelaciones Económicas Internacionales _95216 |
| 942 |
_2ddc _cBK |
||
| 999 |
_c7499 _d7499 |
||